000 01120nam a2200289 i 4500
003 OSt
005 20250109152427.0
008 250101s2024 my ao gr 000 0 may d
020 _a9786297564739
_qpaperback
_cRM 35.00
040 _aPPAK
_beng
_cPPAK
_erda
082 0 4 _a297.57
_223
090 0 0 _a297.57
_bMUZ
_dG
100 0 _aMuzayyanah Abdullah,
_cUstazah,
_eauthor.
245 1 0 _awaSYKURULI :
_bBUKAN BAHAGIA YANG MEMBUATKAN KITA BERSYUKUR, TETAPI BERSYUKURLAH YANG MEMBUATKAN KITA BAHAGIA /
_cUSTAZAH MUZAYYANAH ABDULLAH, ALFIAH BERKAH.
264 1 _aBatu Caves, Selangor :
_bPTS PUBLISHING HOUSE SENDIRIAN BERHAD,
_c2024
264 4 _c©2024
300 _a229 pages :
_billustrations, photographs ;
_c21 cm
336 _atext
_2rdacontent
336 _astill image
_2rdacontent
337 _aunmediated
_2rdamedia
338 _avolume
_2rdacarrier
500 _aContains versus from the Qur'an and quotes from the Hadith.
650 1 0 _aReligious life
_xConduct of life
_xIslam
650 2 0 _aIslam
_xCustoms and practices
700 0 _aAlfiah Berkah,
_eauthor.
942 _2ddc
_cB
999 _c198265
_d198265